Jurassic Park : (Record no. 344905)
[ view plain ]
| 000 -LEADER | |
|---|---|
| fixed length control field | 00685nam a2200265Ia 4500 |
| 008 - FIXED-LENGTH DATA ELEMENTS--GENERAL INFORMATION | |
| fixed length control field | 171025s9999 xx 000 0 und d |
| 020 ## - INTERNATIONAL STANDARD BOOK NUMBER | |
| International Standard Book Number | 9780448401738 |
| 050 ## - LIBRARY OF CONGRESS CALL NUMBER | |
| Classification number | 813.54 |
| 050 ## - LIBRARY OF CONGRESS CALL NUMBER | |
| Item number | M399 1993 |
| 100 ## - MAIN ENTRY--PERSONAL NAME | |
| Personal name | Mason, Jane |
| 245 ## - TITLE STATEMENT | |
| Title | Jurassic Park : |
| 245 ## - TITLE STATEMENT | |
| Remainder of title | the movie storybook / |
| 245 ## - TITLE STATEMENT | |
| Statement of responsibility, etc | adapted by Jane Mason ; novel by Michael Crichton. |
| 260 ## - PUBLICATION, DISTRIBUTION, ETC. (IMPRINT) | |
| Place of publication, distribution, etc | New York : |
| 260 ## - PUBLICATION, DISTRIBUTION, ETC. (IMPRINT) | |
| Name of publisher, distributor, etc | Grosset & Dunlap, |
| 260 ## - PUBLICATION, DISTRIBUTION, ETC. (IMPRINT) | |
| Date of publication, distribution, etc | 1993 |
| 300 ## - PHYSICAL DESCRIPTION | |
| Extent | unpages : |
| 300 ## - PHYSICAL DESCRIPTION | |
| Other physical details | colored illustrations ; |
| 300 ## - PHYSICAL DESCRIPTION | |
| Dimensions | 24cm. |
| 650 ## - SUBJECT ADDED ENTRY--TOPICAL TERM | |
| Topical term or geographic name as entry element | English fiction -- |
| 650 ## - SUBJECT ADDED ENTRY--TOPICAL TERM | |
| Topical term or geographic name as entry element | United States. |
| 650 ## - SUBJECT ADDED ENTRY--TOPICAL TERM | |
| General subdivision | Children's stories. |
| 700 ## - ADDED ENTRY--PERSONAL NAME | |
| Personal name | Crichton, Michael. |
| 700 ## - ADDED ENTRY--PERSONAL NAME | |
| Personal name | Title. |
| Withdrawn status | Lost status | Damaged status | Home library | Current library | Date acquired | Total Checkouts | Full call number | Barcode | Date last seen | Price effective from | Koha item type |
|---|---|---|---|---|---|---|---|---|---|---|---|
| Stonyhurst Southville International School (Malarayat) | Stonyhurst Southville International School (Malarayat) | 10/25/2017 | NF 813.54 M399 1993 | SSISM3958 | 10/25/2017 | 10/25/2017 | Books |